000 00635nam a22001817a 4500
003 OSt
005 20240601120108.0
008 240601b ||||| |||| 00| 0 eng d
040 _cAIMIT LIBRARY
100 _aPinto, Princea Maria Jyothi.
_e202023
_9168978
245 _aPredicting the sales of video games using machine learning /
_cBy Princea Maria Jyothi Pinto ; Guided by Vanitha T and Nawfal Suhail.
260 _aMangalore
_c2022
650 _aProcess descripeyiuul
_9168979
700 _aT, Vanitha.
_eGuide
_9168980
700 _aSuhail, Nawfal.
_eGuide
_9168981
856 _3Riskonnect
_ywww.riskonnect.com
942 _2ddc
_cPRO
999 _c231009
_d231009